Study of the working and living conditions of labour in rubber processing factories (Record no. 69822)

MARC details
000 -LEADER
fixed length control field 00355nam a2200121Ia 4500
100 ## - MAIN ENTRY--AUTHOR NAME
Personal name Haridasan V
245 #0 - TITLE STATEMENT
Title Study of the working and living conditions of labour in rubber processing factories
260 ## - PUBLICATION, DISTRIBUTION, ETC. (IMPRINT)
Name of publisher Rubber Board Bulletin
Year of publication 1990
300 ## - PHYSICAL DESCRIPTION
Number of Pages 19-20
650 ## - SUBJECT ADDED ENTRY--TOPICAL TERM
Topical Term Rubber processing
942 ## - ADDED ENTRY ELEMENTS (KOHA)
Koha item type Journals
Holdings
Withdrawn status Lost status Damaged status Not for loan Home library Current library Shelving location Date acquired Serial Enumeration / chronology Koha item type
      Journals RRII Library RRII Library Agricultural economics 17/12/2021 Volume 25, Issue 3 Journals